000 00507nam a2200169Ia 4500
008 240729s9999 xx 000 0 und d
022 _a2522-7971
245 0 _aAPN Science Bulletin
260 _aJapan
260 _bAsia-Pacific Network for Global Change Research
650 _a Environmental sciences
650 _a Science (General) | Geography. Anthropology. Recreation
650 _aScience
856 _uhttps://doaj.org/toc/41ec8b90091e415b8172f56d01b2242b
942 _2ddc
942 _cDOAJEJ
999 _c68306
_d68306
945 _a1
_bMadushi Gamage
_c1
_dMadushi Gamage